Prc̀tico Derecho de Sucesiones

Detalles Bibliográficos
Formato: eBook
Lenguaje:español
Materias:
Acceso en línea:Acceso restringido

MARC

LEADER 00000nam a22000007a 4500
005 20190912215752.0
007 cr|||| |||
008 190912c20152015co kr| os|||| 0|||b1spa d
035 |a 12309 
040 |a vLex 
090 |c 9504  |d 9504 
245 0 0 |a Prc̀tico Derecho de Sucesiones  |h [Recurso electrn̤ico] / 
256 |a Servicio en ln̕ea 
300 |a 1 recurso electrn̤ico 
310 |a Actualizado continuamente 
500 |a El presente manual abarca los principales aspectos del derecho de sucesiones. Aqu ̕encontrara la informacin̤ necesaria para llevar acabo un proceso sucesoral testado o intestado. Despuš de realizar un exhaustivo estudio conceptual, esquemt̀ico, y legal, el Prc̀tico de Derecho Civil de Sucesiones presenta una completa gua̕ prc̀tica de los temas mas reelevantes a tratar en esta materia. 
506 1 |a Disponible solo en los productos indicados  |d vLex Global  |d vLex Global (Academic Edition, excluding Law Schools)  |d vLex Global (U.S. Academic Edition, Law Schools)  |d vLex Global (U.S. Academic Edition, excluding Law Schools)  |d vLex Global (Academic Edition, Law Schools) 
650 0 4 |a Familia y Sucesiones  |z Colombia 
740 0 |a Prc̀ticos vLex (servicio en ln̕ea) 
856 4 0 |u http://vlex.com/source/12309  |z Acceso restringido 
942 |c REV 
999 0 |a Family and Successions